000 00552cam a2200145 4500500
005 20260208002441.0
041 _afre
042 _adc
100 1 0 _aMasset, Claude
_eauthor
245 0 0 _aBen Jones, Beyond the State in Rural Uganda, Edinburgh, Edinburgh University Press, 2009, 200 p., bibl., index, gloss., ill., tabl., cartes
260 _c2011.
500 _a40
786 0 _nL'Homme | 198-199 | 2 | 2011-07-01 | p. 367zb-448zb | 0439-4216
856 4 1 _uhttps://shs.cairn.info/revue-l-homme-2011-2-page-367zb?lang=fr&redirect-ssocas=7080
999 _c1646424
_d1646424